Germanistik und Deutschunterricht in Polen
| Titel: | Germanistik und Deutschunterricht in Polen : Möglichkeiten curricularer Planung, dargestellt am Beispiel der Universität Poznań |
|---|---|
| Verfasser: | |
| Beteiligt: | |
| In: |
Deutsch-polnisches Jahrbuch der Germanistik, Band 1 (1993), Seite 169-177 alle Artikel anzeigen |
| Veröffentlicht: | 1993 |
| Format: | Aufsatz |
| Sprache: | Deutsch |
X
alg: 17402236 001A $04505:13-03-06 001B $01999:23-07-19 $t17:36:10.000 001D $04505:13-03-06 001U $0utf8 001X $00 002@ $0Aox 003@ $0174022360 007A $0174022360 $aHEB 007I $0BLLt41677 010@ $ager 011@ $a1993 021A $aGermanistik und Deutschunterricht in Polen $dMöglichkeiten curricularer Planung, dargestellt am Beispiel der Universität Poznań 028A $7 $8Danielewicz, Piotr [Tnx] $9171808924 028B/01 $7124303358 $8Karolak, Czesław$Z1946- [Tp1] $9155015591 031A $d1 $h169-177 $j1993 039B $aIn $8--Abvc--. Deutsch-polnisches Jahrbuch der Germanistik. - [Bonn] : DAAD, 1993 $x199300000010000831 $9048640050 044K $#Posen $#Posen $#Posnania $#Posna $#Pozniań $#Miasto Stołeczne Poznań $#Stołeczne Miasto Poznań $#Poznań $74046868-9 $8Posen [Tg1] $9085130834 044K $RPhilologie $RDeutsch $#German philology $#Philologie allemande $#Germanistik $#Deutsche Philologie $74020383-9 $8Germanistik [Ts1] $9085048941 044K $RUnterricht $RDeutsch $#Deutsch Unterrichtsfach $#Deutschdidaktik $#Deutsch Didaktik $74011975-0 $8Deutschunterricht [Ts1] $9085025763 044K $RUniwersytet Poznański $#Uniwersytet im. Adama Mickiewicza $#Uniwersytet Im. A. Mickiewicza $#Uniwersytet imienia Adama Mickiewicza w Poznaniu $#Uniwersytet imienia Adama Mickiewicza $#Uniwersytet Imienia A. Mickiewicza $#UAM $#Adam-Mickiewicz-Universität $#Adam-Mickiewicz-Universität in Poznań $#Adam-Mickiewicz-Universität Posen $#Adam Mickiewicz University in Poznań $#Adam Mickiewicz University $#A. Mickiewicz University $#AMU $#Mickiewicz University $#Alma Mater Posnaniensi $#Poznanski Universitet Adam Mickevič $#Universitet Adam Mickevič Posen $#Université Adam Mickiewicz de Poznań $#Université Adam Mickiewicz $#Universitas Posnaniensis $#Universitas Studiorum Mickiewiczianae Posnaniensis $#Universitas Studiorum Mickiewicziana Posnaniensis $#Universidad Adam Mickiewicz de Poznań $71011773-8 $8Uniwersytet im. Adama Mickiewicza w Poznaniu [Tb1] $9041932773 045T $aLING $qDE-30 $2FID 045T $aGER $qDE-30 $2FID 045W $803.27.01.002.11$jDeutsch als Fremdsprache [Tkv] $9133072509 045W $801.01.01.007.28$jDeutsch in Polen [Tkv] $9133118827 045W $801.01.01$jDeutsch [Tkv] $9133070158 046M $a9 Literaturangaben lok: 17402236 64 exp: 17402236 64 1 #EPN 201B/01 $013-03-06 $t23:15:48.000 203@/01 $0369733258 208@/01 $a09-03-06 $be 209A/01 $a0 $f000 $x00 209B/01 $a20 $x05 247C/01 $8Frankfurt, Bibliographie Linguistischer Literatur $9129368261 201U/01 $0utf8 lok: 17402236 78 exp: 17402236 78 1 #EPN 201B/01 $015-11-18 $t14:21:25.000 201C/01 $015-11-18 201U/01 $0utf8 203@/01 $01034476599 208@/01 $a15-11-18 $be 209A/01 $a/ $f000 $x00 209A/01 $ab*p $x01 220C/01 $apgar 244Z/01 $#Generalgouvernement Polen $#Polska $#Rzeczpospolita Polska $#Polska Rzeczpospolita Ludowa $#Poland $#Pologne $#République Polonaise $#Generalne Gubernatorstwo w Polsce $#Polish People's Republic $#Polska Rzeczpospolita Polen $#PRL $#RP $#Polen Generalgouvernement $#Polska Generalgouvernement $#Besetzte Polnische Gebiete $#Besetztes Gebiet in Polen $#Okupowane Polskie Obszary $#Obszary Okupowane w Polsce $#Volksrepublik Polen $#Polska Rosyjska $#Republic Polen $#Respublika Pol'ša $#Pol'skaja Narodnaja Respublika $#République de Pologne $#Polen Links der Weichsel $#Polska po Lewej Stronie Wisły $#Lenkija $#Polija $#Gubernija Carstva Pol'skago $#Republik Polen $74046496-9 $8--Tg1--Polen $x01 $9085129801 244Z/01 $#Wielkopolska $#Polonia Maior $#Greater Poland $#Velkopolsko $#Grande-Pologne $#Nagy-Lengyelország $74223407-4 $8--Tg1--Großpolen $x02 $9086156667 247C/01 $82080>Marburg/Lahn, Herder-Institut, Forschungsbibliothek, Bibliographieportal $9336309341
| LEADER | 00000caa a22000002c 4500 | ||
|---|---|---|---|
| 001 | 174022360 | ||
| 003 | DE-603 | ||
| 005 | 20190723173610.0 | ||
| 007 | tu | ||
| 008 | 060313s1993 xx |||| | u00||u|ger c | ||
| 035 | |a (DE-599)HEB174022360 | ||
| 040 | |a DE-603 |b ger |c DE-603 |d DE-603 | ||
| 041 | |a ger | ||
| 084 | |a LING |q DE-30 |2 fid | ||
| 084 | |a GER |q DE-30 |2 fid | ||
| 100 | 1 | |a Danielewicz, Piotr |0 (DE-603)171808924 | |
| 245 | 0 | 0 | |a Germanistik und Deutschunterricht in Polen |b Möglichkeiten curricularer Planung, dargestellt am Beispiel der Universität Poznań |
| 264 | 0 | |c 1993 | |
| 500 | |a 9 Literaturangaben | ||
| 610 | 1 | 7 | |a Uniwersytet im. Adama Mickiewicza w Poznaniu |2 gnd |0 (DE-588)1011773-8 |0 (DE-603)041932773 |
| 650 | 7 | |a Germanistik |0 (DE-588)4020383-9 |0 (DE-603)085048941 |2 gnd | |
| 650 | 7 | |a Deutschunterricht |0 (DE-588)4011975-0 |0 (DE-603)085025763 |2 gnd | |
| 651 | 7 | |a Posen |0 (DE-588)4046868-9 |0 (DE-603)085130834 |2 gnd | |
| 700 | 1 | |a Karolak, Czesław |d 1946- |0 (DE-603)155015591 |0 (DE-588)124303358 |2 gnd | |
| 773 | 0 | 8 | |i In |t Deutsch-polnisches Jahrbuch der Germanistik |d [Bonn] : DAAD, 1993 |g Band 1 (1993), Seite 169-177 |w (DE-603)048640050 |w (DE-600)1174648-8 |
| 924 | 0 | |9 603 |a (DE-603)369733258 |b DE-603 |c HES |d d | |
| 924 | 0 | |9 2080 |a (DE-603)1034476599 |b DE-2080 |c HES |d d |g / | |


